[Event "Salon de Provence op"]
[Site "Salon de Provence"]
[Date "2023.07.21"]
[Round "9.6"]
[White "Duval, Jean Pierre"]
[Black "Philippe, Alexis"]
[Result "0-1"]
[WhiteElo "1656"]
[BlackElo "1552"]
[PlyCount "58"]
[EventDate "2023.07.08"]
[EventType "swiss"]
[EventRounds "9"]
[EventCountry "FRA"]
[SourceTitle "EXT 2024"]
[Source "ChessBase"]
[SourceDate "2023.10.10"]
[SourceVersion "1"]
[SourceVersionDate "2023.10.10"]
[SourceQuality "1"]

1. Nf3 Nf6 2. b3 g6 3. Bb2 Bg7 4. e4 0-0 5. e5 Nd5 6. d4 d6 7. g3 c5 8. dxc5 dxc5 9. Bg2 Nb4 10. Na3 N8c6 11. 0-0 Bf5 12. Qe2 Qc7 13. h3 a6 14. g4 Be6 15. Rfe1 h6 16. Nc4 b5 17. Ncd2 Nxc2 18. Ne4 Nxe1 19. Rxe1 Nb4 20. Rc1 c4 21. Nd4 Qxe5 22. f4 Qxf4 23. Nxe6 fxe6 24. Nc5 Bd4+ 25. Kh1 Bxc5 26. Qxe6+ Qf7 27. Qe5 Qf6 28. Bxa8 Qxe5 29. Bxe5 Rxa8 0-1

[Event "Salon de Provence op"]
[Site "Salon de Provence"]
[Date "2023.07.09"]
[Round "3.5"]
[White "Chabaud, Philippe"]
[Black "Philippe, Alexis"]
[Result "0-1"]
[WhiteElo "1407"]
[BlackElo "1552"]
[PlyCount "75"]
[EventDate "2023.07.08"]
[EventType "swiss"]
[EventRounds "9"]
[EventCountry "FRA"]
[SourceTitle "EXT 2024"]
[Source "ChessBase"]
[SourceDate "2023.10.10"]
[SourceVersion "1"]
[SourceVersionDate "2023.10.10"]
[SourceQuality "1"]

1. d4 Nf6 2. Bf4 g6 3. Nf3 Bg7 4. e3 d6 5. Be2 0-0 6. h3 Bf5 7. Nc3 Nbd7 8. Bd3 Bxd3 9. Qxd3 c5 10. 0-0 Qb6 11. Rab1 Rac8 12. b3 a6 13. Rfe1 Qc7 14. d5 b5 15. Nd2 c4 16. bxc4 bxc4 17. Qe2 Nb6 18. e4 Nh5 19. Be3 Nd7 20. Nd1 Qa5 21. Nf3 Qxa2 22. Bd4 Qxb1 23. Nc3 Qb4 24. Rb1 Qa5 25. e5 Nc5 26. Qe3 Rfd8 27. g4 dxe5 28. Nxe5 Nf6 29. Nc6 Rxc6 30. dxc6 Nxg4 31. hxg4 Bxd4 32. Qxe7 Ne6 33. Rb7 Rf8 34. c7 Nxc7 35. Rxc7 Qxc3 36. Qe4 Qd2 37. Qf3 Qxc2 38. Kf1 0-1

[Event "FRA-chT U16"]
[Site "Dieppe"]
[Date "2015.05.24"]
[Round "2.8"]
[White "Philippe, Alexis"]
[Black "Terrazzoni, William"]
[Result "0-1"]
[WhiteElo "1269"]
[BlackElo "1416"]
[PlyCount "164"]
[EventDate "2015.05.??"]
[EventType "team-tourn"]
[EventRounds "6"]
[EventCountry "FRA"]
[SourceTitle "EXT 2016"]
[Source "ChessBase"]
[SourceDate "2015.10.08"]
[SourceVersion "1"]
[SourceVersionDate "2015.10.08"]
[SourceQuality "1"]

1. d4 Nf6 2. c4 g6 3. Nc3 Bg7 4. Nf3 d6 5. e4 0-0 6. Be2 e5 7. d5 Nbd7 8. 0-0 Nc5 9. Qc2 a5 10. Be3 b6 11. Bxc5 bxc5 12. Rac1 Ne8 13. Rfd1 f5 14. a3 fxe4 15. Nxe4 Bf5 16. Bd3 Nf6 17. Neg5 Bxd3 18. Qxd3 Qc8 19. Qe2 Nh5 20. Ne6 Nf4 21. Nxf4 Rxf4 22. Ng5 Ra7 23. Ne6 Rf5 24. Rd3 Qd7 25. Rcc3 Qf7 26. Rf3 Qf6 27. Rxf5 Qxf5 28. h3 Rb7 29. Kh2 e4 30. Nxg7 Kxg7 31. f3 exf3 32. Rxf3 Qe5+ 33. Qxe5+ dxe5 34. Re3 Kf6 35. b3 Rb8 36. Kg3 Re8 37. Kf3 Kf5 38. g4+ Kf6 39. Ke4 Kg7 40. Rf3 Re7 41. a4 Re8 42. Rd3 Kf6 43. d6 cxd6 44. Rxd6+ Re6 45. Rd5 Kg5 46. Rxe5+ Rxe5+ 47. Kxe5 Kh4 48. Kd6 Kxh3 49. Kxc5 Kg3 50. Kd5 h5 51. c5 h4 52. c6 h3 53. c7 h2 54. c8Q h1Q+ 55. Kd6 Qd1+ 56. Ke7 Qxb3 57. Qc7+ Kxg4 58. Qxa5 Qe3+ 59. Kd6 Qf4+ 60. Kc6 Qe4+ 61. Kb6 Qd4+ 62. Ka6 Kf4 63. Qc7+ Qe5 64. Qxe5+ Kxe5 65. Kb6 g5 66. a5 g4 67. a6 g3 68. a7 g2 69. a8Q g1Q+ 70. Kc7 Qg7+ 71. Kb6 Qg1+ 72. Kb5 Qb1+ 73. Kc6 Qe4+ 74. Kc7 Qxa8 75. Kb6 Qc8 76. Kb5 Kd4 77. Kb6 Qc5+ 78. Kb7 Kd5 79. Ka6 Qb4 80. Ka7 Qb5 81. Ka8 Kc6 82. Ka7 Qb7# 0-1